00441nam a2200181Ia 4500003000400000005001700004006001900021007000300040008004100043024001000084037001200094040002000106041001300126082001200139100001700151245008200168260000900250OSt20220928144937.0a|||||r|||| 00| 0 ta220927b |||||||| |||| 00| 0 eng d a77295 cTextual aSDCLcSDCLbeng 2engaeng aS63, M4 aBarham Peter 0aSchizophrenia and human value b Chronic schizophrenia , science and society. c1984